Joint Assistance Strategy for Tanzania (Record no. 6761)

000 -LEADER
fixed length control field 00406nam a22001217a 4500
008 - FIXED-LENGTH DATA ELEMENTS--GENERAL INFORMATION
fixed length control field 200325b ||||| |||| 00| 0 eng d
100 ## - MAIN ENTRY--PERSONAL NAME
Personal name United Republic of Tanzania
245 ## - TITLE STATEMENT
Title Joint Assistance Strategy for Tanzania
Statement of responsibility, etc. United Republic of Tan\zania
Medium English
260 ## - PUBLICATION, DISTRIBUTION, ETC. (IMPRINT)
Place of publication, distribution, etc. Dar Es Salaam
Date of publication, distribution, etc. 2006
300 ## - PHYSICAL DESCRIPTION
Extent iv, 36p.
Other physical details Illustration
Dimensions 27cm
650 ## - SUBJECT ADDED ENTRY--TOPICAL TERM
Source of heading or term Joint Assistance Strategy for Tazania
942 ## - ADDED ENTRY ELEMENTS (KOHA)
Source of classification or shelving scheme
Koha item type BOOKS
Holdings
Withdrawn status Lost status Source of classification or shelving scheme Damaged status Not for loan Home library Current library Date acquired Total Checkouts Barcode Date last seen Price effective from Koha item type
          Mwanza Mwanza 25/03/2020   10000002147 25/03/2020 25/03/2020 BOOKS
          Mwanza Mwanza 25/03/2020   10000002148 25/03/2020 25/03/2020 BOOKS
          Mwanza Mwanza 25/03/2020   10000002149 25/03/2020 25/03/2020 BOOKS
          Mwanza Mwanza 25/03/2020   10000002150 25/03/2020 25/03/2020 BOOKS
          Mwanza Mwanza 25/03/2020   10000002151 25/03/2020 25/03/2020 BOOKS
          Mwanza Mwanza 06/04/2020   10000002604 06/04/2020 06/04/2020 BOOKS
          Mwanza Mwanza 06/04/2020   10000002605 06/04/2020 06/04/2020 BOOKS
          Mwanza Mwanza 06/04/2020   10000002617 06/04/2020 06/04/2020 BOOKS
          Mwanza Mwanza 06/04/2020   10000002618 06/04/2020 06/04/2020 BOOKS
          Mwanza Mwanza 06/04/2020   10000002619 06/04/2020 06/04/2020 BOOKS
          Mwanza Mwanza 06/04/2020   10000002620 06/04/2020 06/04/2020 BOOKS
          Mwanza Mwanza 06/04/2020   10000002621 06/04/2020 06/04/2020 BOOKS

IRDP © 2019 :: Managed by IRDP ICT Unit